La Lituanie pour les touristes... - Facile - Statistiques

Statistiques générales
  • Ce quiz a été pris 4 fois
  • Le résultat moyen est 11 sur 20
Statistiques - réponses
Question Indice Réponses Indice facile % Correct
Quelles autres langues sont répandues ? A Anglais
100%
La conduite se fait à droite ou à gauche ? Droite
100%
Quelle est la monnaie ? Euro E
100%
Quelle est la langue officielle ? Lituanien L
100%
Dans la capitale y-a-t-il un décalage horaire avec Paris ? (oui/non) Oui
100%
Quelles autres langues sont répandues ? R Russe
100%
Quelles sont les principales villes touristiques ? V Vilnius
100%
Achats à faire 2/ Bonnet en Laine NAILE
75%
Achats à faire 1/ Produits tissés en Lin NIL
75%
Le suffixe internet est lt
75%
Le taux d'alcoolémie toléré au volant est de {0.4} g/l
50%
La vitesse hors agglomération est limitée à {130} km/h
50%
La religion majoritaire est catholicisme C
50%
Quelles sont les principales villes touristiques ? K Kaunas KUNASA
25%
Quelles sont les principales villes touristiques ? T Trakai KAIRAT
25%
Achats à faire 3/ Produits à partir de l'argile Céramique
0%
Quels parcs nationaux peut-on visiter ? D Dzukija KADIJUZ
0%
Quelles sont les principales villes touristiques ? K Klaipeda PEDALAIK
0%
Quelles sont les principales villes touristiques ? P Plateliai EPAILLAIT
0%
Quels parcs nationaux peut-on visiter ? Z Zemaitija AIMIEZAJT
0%
Aucun quiz correspondant
Distribution des résultats
% des personnes avec chaque résultat
Percentile par nombre de réponses
Votre historique - résultats
Vous n’avez pas pris ce quiz